Handbook of strategic HRM / (Record no. 3080)
[ view plain ]
| 000 -LEADER | |
|---|---|
| fixed length control field | 00613nam a22002052 4500 |
| 001 - CONTROL NUMBER | |
| control field | 0000006250 |
| 005 - DATE AND TIME OF LATEST TRANSACTION | |
| control field | 20151217145831.0 |
| 008 - FIXED-LENGTH DATA ELEMENTS--GENERAL INFORMATION | |
| fixed length control field | 071001s xx 000 0 eng d |
| 020 ## - INTERNATIONAL STANDARD BOOK NUMBER | |
| International Standard Book Number | 8179925684 : |
| Terms of availability | KES 2,450 |
| 040 ## - CATALOGING SOURCE | |
| Original cataloging agency | KABU |
| Transcribing agency | KABU |
| 100 1# - MAIN ENTRY--PERSONAL NAME | |
| Personal name | Armstrong, Michael. |
| -- | 0000157658 |
| 245 10 - TITLE STATEMENT | |
| Title | Handbook of strategic HRM / |
| Statement of responsibility, etc. | Michael Armstrong, Angela Baron. |
| 260 ## - PUBLICATION, DISTRIBUTION, ETC. (IMPRINT) | |
| Place of publication, distribution, etc. | Mumbai : |
| Name of publisher, distributor, etc. | Jaico, |
| Date of publication, distribution, etc. | 2006. |
| 300 ## - PHYSICAL DESCRIPTION | |
| Extent | xxii, 257 p. |
| 650 #0 - SUBJECT ADDED ENTRY--TOPICAL TERM | |
| Topical term or geographic name as entry element | Personnel management. |
| -- | 0000150761 |
| 700 1# - ADDED ENTRY--PERSONAL NAME | |
| Personal name | Baron, Angela. |
| -- | 0000157659 |
| 908 ## - PUT COMMAND PARAMETER (RLIN) | |
| Put command parameter | 071001 |
| 950 ## - LOCAL HOLDINGS (RLIN) | |
| -- | 1 |
| Withdrawn status | Lost status | Source of classification or shelving scheme | Not for loan | Home library | Current library | Date acquired | Total Checkouts | Total Renewals | Full call number | Barcode | Date last seen | Date last checked out | Price effective from | Koha item type |
|---|---|---|---|---|---|---|---|---|---|---|---|---|---|---|
| Library of Congress Classification | Kabarak, Main Campus | Kabarak, Main Campus | 17/12/2015 | 2 | 1 | HF5549 .A76 | 012943 | 02/08/2024 | 21/05/2016 | 17/12/2015 | General Collection |